Central Library OPAC University of Rajshahi

A short history of international affairs, 1920 to 1939 / (Record no. 41990)

MARC details
000 -LEADER
fixed length control field 01051nam a2200277 a 4500
001 - CONTROL NUMBER
control field 41990
003 - CONTROL NUMBER IDENTIFIER
rucl marc code BD-RJUL
005 - DATE AND TIME OF LATEST TRANSACTION
control field 20211209053459.0
008 - FIXED-LENGTH DATA ELEMENTS--GENERAL INFORMATION
fixed length control field 160608t19521950enk 001 0 eng c
035 ## - SYSTEM CONTROL NUMBER
System control number (BD-RJUL)42108
040 ## - CATALOGING SOURCE
Original cataloging agency New York. Public library
Transcribing agency KLG
Modifying agency OCL
-- EQO
-- BD-RJUL
Language of cataloging eng
041 ## - LANGUAGE CODE
Language code of text/sound track or separate title eng
082 ## - DEWEY DECIMAL CLASSIFICATION NUMBER
Edition number 23
Classification number 909.82
Author mark and year GAS 1950-1964
100 1# - MAIN ENTRY--PERSONAL NAME
Personal name Gathorne-Hardy, G. M.
Fuller form of name (Geoffrey Malcolm),
Dates associated with a name 1878-1972.
9 (RLIN) 128345
245 12 - TITLE STATEMENT
Title A short history of international affairs, 1920 to 1939 /
Statement of responsibility, etc. by G. M. Gathorne-Hardy
250 ## - EDITION STATEMENT
Edition statement 4th ed.
260 ## - PUBLICATION, DISTRIBUTION, ETC. (IMPRINT)
Place of publication, distribution, etc. London :
Name of publisher, distributor, etc. Oxford University Press,
Date of publication, distribution, etc. c1950 [reprinted 1952-1964]
300 ## - PHYSICAL DESCRIPTION
Pagination xi, [1], 540 p. :
Illustrations Ill. ;
Size 23 cm.
500 ## - GENERAL NOTE
General note "First edition 1934."
General note "Issued under the auspices of the Royal Institute of International Affairs."
504 ## - BIBLIOGRAPHY, ETC. NOTE
Bibliography, etc Includes bibliographical references and index
650 #4 - SUBJECT ADDED ENTRY--TOPICAL TERM
Topical term or geographic name as entry element International law and relations
9 (RLIN) 129081
Topical term or geographic name as entry element World politics
9 (RLIN) 129082
710 2# - ADDED ENTRY--CORPORATE NAME
Corporate name or jurisdiction name as entry element Royal Institute of International Affairs.
9 (RLIN) 118102
942 ## - ADDED ENTRY ELEMENTS (KOHA)
Source of classification or shelving scheme Dewey Decimal Classification
Koha item type Books
Holdings
Lost status Source of classification or shelving scheme Damaged status Not for loan Collection code Permanent Location Current Location Shelving location Date acquired Source of acquisition Cost, normal purchase price Total Checkouts Full call number Date last seen Copy number Koha item type
  Dewey Decimal Classification     Non-fiction Central Library, University of Rajshahi Central Library, University of Rajshahi   19/09/1955 B.H.Blackwell, England 1.15   909.82 GAS 1952 08/06/2016 C-2 Books
  Dewey Decimal Classification     Non-fiction Central Library, University of Rajshahi Central Library, University of Rajshahi   08/12/1965 Zeitlinger 30.00   909.82 GAS 1964 08/06/2016 C-3 Books
  Dewey Decimal Classification     Non-fiction Central Library, University of Rajshahi Central Library, University of Rajshahi   14/04/1955 W. B. C. 13.20   909.82 GAS 1952 05/03/2019 C-4 Books
  Dewey Decimal Classification   Not For Loan Rare Books Central Library, University of Rajshahi Central Library, University of Rajshahi Rare Book Section 05/03/2019       RA 909.82 GAS 1950 05/03/2019 C-1 Books